Grammar in context
The Sixth Edition of the best-selling Grammar in Context series, inspires learners through compelling stories, National Geographic images, and content, relevant to students' lives. Students learn more, remember more, and use language more effectively when they learn grammar in context.
Bewaard in:
| Hoofdauteur: | |
|---|---|
| Formaat: | Boek |
| Taal: | Undetermined |
| Gepubliceerd in: |
Massachusetts
Heinle & Heinle Pub.
2016
|
| Onderwerpen: | |
| Tags: |
Voeg label toe
Geen labels, Wees de eerste die dit record labelt!
|
| Thư viện lưu trữ: | Trung tâm Học liệu Trường Đại học Cần Thơ |
|---|
| LEADER | 00848nam a2200205Ia 4500 | ||
|---|---|---|---|
| 001 | CTU_230430 | ||
| 008 | 210402s9999 xx 000 0 und d | ||
| 082 | |a 428.24 | ||
| 082 | |b E37/B.2 | ||
| 100 | |a Elbaum, Sandra N. | ||
| 245 | 0 | |a Grammar in context | |
| 245 | 0 | |c Sandra N. Elbaum | |
| 260 | |a Massachusetts | ||
| 260 | |b Heinle & Heinle Pub. | ||
| 260 | |c 2016 | ||
| 520 | |a The Sixth Edition of the best-selling Grammar in Context series, inspires learners through compelling stories, National Geographic images, and content, relevant to students' lives. Students learn more, remember more, and use language more effectively when they learn grammar in context. | ||
| 650 | |a English language,Anh ngữ thực hành | ||
| 650 | |x Grammar,Ngữ pháp | ||
| 904 | |i Trúc | ||
| 980 | |a Trung tâm Học liệu Trường Đại học Cần Thơ | ||